| 000 | 00477nam a2200169 i 4500 | ||
|---|---|---|---|
| 001 | 84025 | ||
| 003 | ES-MaACL | ||
| 005 | 20230906174931.0 | ||
| 007 | t| | ||
| 008 | 041119s1958 sp ||||1| spa d | ||
| 100 | 1 |
_aJaume, Ramón. _966180 |
|
| 245 | 1 | 4 |
_aLas oraciones y otros poemas / _cRafael Jaume. |
| 260 |
_aPalma de Mallorca : _bAtlante, _c1958. |
||
| 300 |
_a72 p. ; _c24 cm. |
||
| 500 | _aPremio Poesía Juan Alcover, 1957. | ||
| 852 |
_aES-MaACL _j2006-F-24 _bR.42313 |
||
| 999 |
_c84025 _d84025 |
||